00343pab a2200145 454500008004000000100001600040245005200056260000900108300001500117362000800132650001000140650001400150700001500164773001800179180718b2009 xxu||||| |||| 00| 0 eng d aDewan, B.S. aSocio-cultural determinants of female foeticide c2009 ap.388-405. aSep aWomen aFoeticide aKhan, A.M. aSocial Change